Pratichhaya shiksha pranali ko ek chunounti: kis private tuition ke liye kya sar (Record no. 7766)

MARC details
000 -LEADER
fixed length control field 00389nam a2200133Ia 4500
020 ## - INTERNATIONAL STANDARD BOOK NUMBER
ISBN 9789280313338
082 ## - DEWEY DECIMAL CLASSIFICATION NUMBER
Classification number 371.394 BRA-P
100 ## - MAIN ENTRY--AUTHOR NAME
Personal name Bray, Marc
245 #0 - TITLE STATEMENT
Title Pratichhaya shiksha pranali ko ek chunounti: kis private tuition ke liye kya sar
260 ## - PUBLICATION, DISTRIBUTION, ETC. (IMPRINT)
Place of publication Paris
Name of publisher UNESCO & International Institute for Edu
Year of publication 2009
300 ## - PHYSICAL DESCRIPTION
Number of Pages 132
650 ## - SUBJECT ADDED ENTRY--TOPICAL TERM
Topical Term Tutors and tutoring
Geographic subdivision India
942 ## - ADDED ENTRY ELEMENTS (KOHA)
Koha item type Books
Holdings
Withdrawn status Lost status Damaged status Not for loan Collection code Home library Current library Date acquired Source of acquisition Bill Date Full call number Accession Number Price effective from Koha item type Public note
        हिंदी पुस्तकों पर विशेष संग्रह NASSDOC Library NASSDOC Library 09/09/2011 Gifted by : Exchange 2011-08-18 371.394 BRA-P 47394 18/04/2019 Books हिंदी पुस्तकों पर विशेष संग्रह